<?xml version="1.0" encoding="UTF-8"?>
<record
    xmlns:xsi="http://www.w3.org/2001/XMLSchema-instance"
    xsi:schemaLocation="http://www.loc.gov/MARC21/slim http://www.loc.gov/standards/marcxml/schema/MARC21slim.xsd"
    xmlns="http://www.loc.gov/MARC21/slim">

  <leader>03865nam a2200373 i 4500</leader>
  <controlfield tag="003">EG-ScBUE</controlfield>
  <controlfield tag="005">20230212031011.0</controlfield>
  <controlfield tag="008">200219t2019    paua   f b    001 0 eng d</controlfield>
  <datafield tag="020" ind1=" " ind2=" ">
    <subfield code="a">9781496387134</subfield>
  </datafield>
  <datafield tag="020" ind1=" " ind2=" ">
    <subfield code="a">1496387139</subfield>
  </datafield>
  <datafield tag="040" ind1=" " ind2=" ">
    <subfield code="a">EG-ScBUE</subfield>
    <subfield code="b">eng</subfield>
    <subfield code="e">rda</subfield>
    <subfield code="c">EG-ScBUE</subfield>
    <subfield code="d">EG-ScBUE</subfield>
  </datafield>
  <datafield tag="082" ind1="0" ind2="4">
    <subfield code="a">610.7343</subfield>
    <subfield code="2">22</subfield>
    <subfield code="b">AND</subfield>
  </datafield>
  <datafield tag="100" ind1="1" ind2=" ">
    <subfield code="a">Anderson, Elizabeth T.,</subfield>
    <subfield code="e">author.</subfield>
  </datafield>
  <datafield tag="245" ind1="1" ind2="0">
    <subfield code="a">Community as partner :</subfield>
    <subfield code="b">theory and practice in nursing /</subfield>
    <subfield code="c">Elizabeth Anderson, , DrPH, RN, FAAN, Professor Emerita, School of Nursing, Senior Fellow, Sealy Center on Aging, Center for Spirituality of Aging, The University of Texas Medical Branch, Galveston, Texas, Honorary Member, Pan American Nursing and Midwifery Collaborating Centers, Global Network of World Health Organization, Collaborating Centers for Nursing and Midwifery, Judith MacFarlane, DrPH, RN, FAAN,,Parry Chair in Health Promotion and Disease Prevention, Texas Woman's University, College of Nursing, Houston, Texas.</subfield>
  </datafield>
  <datafield tag="250" ind1=" " ind2=" ">
    <subfield code="a">Eighth edition.</subfield>
  </datafield>
  <datafield tag="250" ind1=" " ind2=" ">
    <subfield code="a">International edition.</subfield>
  </datafield>
  <datafield tag="264" ind1=" " ind2="1">
    <subfield code="a">Philadelphia :</subfield>
    <subfield code="b">Wolters Kluwer Health,</subfield>
    <subfield code="c">[2019]</subfield>
  </datafield>
  <datafield tag="264" ind1=" " ind2="4">
    <subfield code="c">c2019</subfield>
  </datafield>
  <datafield tag="300" ind1=" " ind2=" ">
    <subfield code="a">x, 394 pages :</subfield>
    <subfield code="b">illustrations ;</subfield>
    <subfield code="c">28 cm</subfield>
  </datafield>
  <datafield tag="336" ind1=" " ind2=" ">
    <subfield code="a">text</subfield>
    <subfield code="b">txt</subfield>
    <subfield code="2">rdacontent</subfield>
  </datafield>
  <datafield tag="337" ind1=" " ind2=" ">
    <subfield code="a">unmediated</subfield>
    <subfield code="b">n</subfield>
    <subfield code="2">rdamedia</subfield>
  </datafield>
  <datafield tag="338" ind1=" " ind2=" ">
    <subfield code="a">volume</subfield>
    <subfield code="b">nc</subfield>
    <subfield code="2">rdacarrier</subfield>
  </datafield>
  <datafield tag="504" ind1=" " ind2=" ">
    <subfield code="a">Includes bibliographical references and index.</subfield>
  </datafield>
  <datafield tag="520" ind1=" " ind2=" ">
    <subfield code="a">"Community As Partner: Theory and Practice in Nursing, 8th Edition offers a foundational overview of the concepts of epidemiology, environment, culture, ethics, empowerment, health policy, informatics, bioterrorism, and emerging infectious diseases as they relate to community health. Authors and theorists Dr. Anderson and Dr. McFarlane of the Community As Partner Model arm students with the "how to" knowledge they need to apply the nursing process to an entire community, and take readers through the entire nursing process with a real-life community as an example! Anderson offers a handbook with practical skills that ACHNE has outlined as essential for generalist nurses, including how to do a community assessment, how to analyze data, how to form a community nursing diagnosis, as well as how to plan, implement, and evaluate a community health program. Community As Partner analyzes the relationship between globalization and health, and inspires students to contribute to the reduction of global health challenges and promoting health for all, including marginalized populations and health promotion in school communities, rural communities, and faith communities. In this edition, instructors will receive PowerPoints enhanced with lecture notes and iclicker questions. These PowerPoints will be developed to serve a dual purpose. You can choose to share the decks with your students to use as self-paced Study Notes and knowledge check multiple choice questions. Our NCLEX style test bank has been revised and enhanced with more questions at the application level and higher"--</subfield>
    <subfield code="c">Provided by publisher.</subfield>
  </datafield>
  <datafield tag="520" ind1=" " ind2=" ">
    <subfield code="a">"Dr. Anderson and Dr. McFarlane's Community As Partner: Theory and Practice in Nursing, 8th Edition is the best choice for Community and Public Health instructors who want to offer their students a foundational overview of key community and public concepts and then build upon that theoretical foundation through the exploration of the Community As Partner Model, which was designed to show students how the community, environment, health, and nursing intertwine"--</subfield>
    <subfield code="c">Provided by publisher.</subfield>
  </datafield>
  <datafield tag="650" ind1=" " ind2="7">
    <subfield code="a">Community health nursing.</subfield>
    <subfield code="2">BUEsh</subfield>
  </datafield>
  <datafield tag="653" ind1=" " ind2=" ">
    <subfield code="b">NNUR</subfield>
    <subfield code="c">February2023</subfield>
  </datafield>
  <datafield tag="655" ind1=" " ind2=" ">
    <subfield code="v">Reading book</subfield>
  </datafield>
  <datafield tag="700" ind1="1" ind2=" ">
    <subfield code="a">McFarlane, Judith M.,</subfield>
    <subfield code="e">author.</subfield>
  </datafield>
  <datafield tag="906" ind1=" " ind2=" ">
    <subfield code="a">0</subfield>
    <subfield code="b">vip</subfield>
    <subfield code="c">orignew</subfield>
    <subfield code="d">1</subfield>
    <subfield code="e">ecip</subfield>
    <subfield code="f">20</subfield>
    <subfield code="g">y-gencatlg</subfield>
  </datafield>
  <datafield tag="942" ind1=" " ind2=" ">
    <subfield code="2">ddc</subfield>
    <subfield code="c">BB</subfield>
  </datafield>
  <datafield tag="999" ind1=" " ind2=" ">
    <subfield code="c">30119</subfield>
    <subfield code="d">30090</subfield>
  </datafield>
  <datafield tag="952" ind1=" " ind2=" ">
    <subfield code="0">0</subfield>
    <subfield code="1">0</subfield>
    <subfield code="2">ddc</subfield>
    <subfield code="4">0</subfield>
    <subfield code="7">0</subfield>
    <subfield code="8">Baccah</subfield>
    <subfield code="a">MAIN</subfield>
    <subfield code="b">MAIN</subfield>
    <subfield code="c">1ST</subfield>
    <subfield code="d">2023-02-12</subfield>
    <subfield code="e">Purchase</subfield>
    <subfield code="g">1440.00</subfield>
    <subfield code="h">37173</subfield>
    <subfield code="l">0</subfield>
    <subfield code="o">610.7343 AND</subfield>
    <subfield code="p">000044747</subfield>
    <subfield code="r">2025-07-15 00:00:00</subfield>
    <subfield code="v">1800.00</subfield>
    <subfield code="w">2023-02-12</subfield>
    <subfield code="y">BB</subfield>
  </datafield>
</record>
